| 000 | 00632nam a2200181Ia 4500 | ||
|---|---|---|---|
| 008 | 151018s9999 xx 000 0 und d | ||
| 082 |
_bRBASDV44505 _a920 |
||
| 100 | _aदरबारी विपुल | ||
| 245 | _aमहापुरुषोंकी कहानी | ||
| 250 | _b1 | ||
| 260 |
_bप्वाइंट प्रकाशन _c2007 |
||
| 300 | _a23 | ||
| 600 | _aदरबारी विपुल | ||
| 630 | _aमहापुरुषोंकी कहानी | ||
| 700 | _aदरबारी विपुल | ||
| 730 | _aमहापुरुषोंकी कहानी | ||
| 942 | _cBOOK | ||
| 999 |
_c1043702 _d1043699 |
||